Top 10 Most Spoken Languages in Greece - Statistics

General Stats
  • This quiz has been taken 1,163 times
  • The average score is 7 of 10
Answer Stats
Spoken Population % Language % Correct
10,700,678 98.21 Greek
100%
128,380 1.19 Turkish
92%
400,000 3.72 Albanian
89%
30,000 0.27 Bulgarian
85%
12,000 0.11 Arabic
77%
160,000 1.48 Romani
73%
20,000 0.18 Russian
72%
41,017 0.38 Macedonian
71%
35,000 0.32 Armenian
36%
15,678 0.14 Georgian
31%
No matching quizzes found
Score Distribution
Percent of People with Each Score
Percentile by Number Answered
Your Score History
You have not taken this quiz